Oldest european universities. - Statistics

General Stats
  • This quiz has been taken 44 times
  • The average score is 11 of 25
Answer Stats
Current Country University / City % Correct
United Kingdom Oxford
93%
United Kingdom Cambridge
88%
Italy Rome
88%
Spain Complutense de Madrid
85%
Czech Republic Prague
83%
Italy Bologna
80%
Italy Florence
75%
Italy Naples
70%
Austria Vienna
65%
Italy Turin
63%
Poland Krakow
55%
Italy Pisa
55%
Germany Heidelberg
35%
Italy Padua
33%
Spain Salamanca
25%
Portugal Coimbra
23%
Italy Siena
20%
Germany Leipzig
13%
Italy Ferrara
10%
Spain Valladolid
10%
Italy Perugia
8%
Germany Rostock
5%
Italy Pavia
3%
United Kingdom Saint Andrews
3%
Italy Macerata
0%
No matching quizzes found
Score Distribution
Percent of People with Each Score
Percentile by Number Answered
Your Score History
You have not taken this quiz